Industria química /

Guardado en:
Autores Corporativos: Simposio Internacional sobre Desarrollo Industrial, Organización de las Naciones Unidas para el Desarrollo Industrial, Viena.
Otros Autores: Vietorisz, Thomas, 1926-
Formato: Libro
Idioma:Spanish
Publicado: Nueva York : Naciones Unidas, 1969.
Series:Monografías de la ONUDI sobre desarrollo industrial ; no. 8
Materias:
Etiquetas: Agregar Etiqueta
Sin Etiquetas, Sea el primero en etiquetar este registro!
LEADER 01111nam a22002295a 4500
001 EIQ.libpla000101
008 050920s1969####nyu######bs###100#0#spa#d
005 20070323150403.0
245 1 0 |a Industria química /  |c [preparado por Thomas Vietorisz]. 
260 |a Nueva York :  |b Naciones Unidas,  |c 1969. 
300 |a ix, 97 p. ;  |c 24 cm. 
440 0 |a Monografías de la ONUDI sobre desarrollo industrial ;  |v no. 8 
500 |a "Basada en las actas del Simposio Internacional sobre desarrollo industrial (Atenas, noviembre-diciembre 1967)". 
504 |a Bibliografía (p. 95-97). 
700 1 |a Vietorisz, Thomas,  |d 1926- 
711 2 |a Simposio Internacional sobre Desarrollo Industrial  |d (1967 :  |c Atenas, Grecia) 
810 2 |a Naciones Unidas  |b Organización para el desarrollo industrial  |t Monografías de la ONUDI sobre desarrollo industrial  |v no. 8 
650 4 |a Industrila química  |x Desarrollo. 
650 4 |a Chemical industry  |x Development. 
040 |a AR-BbSID  |b spa  |c AR-BbSID 
110 2 |a Organización de las Naciones Unidas para el Desarrollo Industrial, Viena. 
859 |a AR-BbSID  |b BIB. PLAPIQUI  |h 338.6  |i N 113  |p 107  |v 8